[Event "Caracas"]
[Site "Caracas"]
[Date "2014.11.10"]
[Round "7"]
[White "Castro, Jose Luis"]
[Black "Blanco Ronquillo, Humberto L"]
[Result "1/2-1/2"]
[WhiteElo "2361"]
[BlackElo "2440"]
[PlyCount "74"]
[EventDate "2014.11.06"]
[EventType "tourn"]
[EventRounds "9"]
[EventCountry "VEN"]
[EventCategory "8"]
[SourceTitle "EXT 2015"]
[Source "ChessBase"]
[SourceDate "2014.11.20"]
[SourceVersion "1"]
[SourceVersionDate "2014.11.20"]
[SourceQuality "1"]

1. e4 e5 2. Nf3 Nc6 3. Bb5 a6 4. Ba4 Nf6 5. 0-0 Be7 6. Re1 b5 7. Bb3 d6 8. c3 0-0 9. h3 Na5 10. Bc2 c5 11. d4 Qc7 12. Nbd2 cxd4 13. cxd4 Rd8 14. b3 Nc6 15. Bb2 Bf8 16. Rc1 Qb6 17. Bb1 Re8 18. Nf1 Bb7 19. Ne3 exd4 20. Nxd4 Ne5 21. Nef5 Ng6 22. Ng3 d5 23. exd5 Rxe1+ 24. Qxe1 Re8 25. Qd2 Nxd5 26. Nh5 Bb4 27. Qd3 Qd8 28. Nf5 Qg5 29. Qd4 Bc3 30. Rxc3 Re1+ 31. Kh2 Qxg2+ 32. Kxg2 Ndf4+ 33. Kh2 Rh1+ 34. Kg3 Rg1+ 35. Kh2 Rh1+ 36. Kg3 Rg1+ 37. Kh2 Rh1+ 1/2-1/2

[Event "Olympiad-41"]
[Site "Tromsoe"]
[Date "2014.08.09"]
[Round "7.4"]
[White "Castro, Jose Luis"]
[Black "Sebenik, Matej"]
[Result "1/2-1/2"]
[WhiteElo "2313"]
[BlackElo "2537"]
[PlyCount "133"]
[EventDate "2014.08.02"]
[EventType "team-swiss"]
[EventRounds "11"]
[EventCountry "NOR"]
[SourceTitle "CBM 162"]
[Source "ChessBase"]
[SourceDate "2014.09.17"]
[SourceVersion "1"]
[SourceVersionDate "2014.09.17"]
[SourceQuality "1"]
[WhiteTeam "Venezuela"]
[BlackTeam "Slovenia"]
[WhiteTeamCountry "VEN"]
[BlackTeamCountry "SLO"]

1. e4 c5 2. Nf3 Nc6 3. d4 cxd4 4. Nxd4 g6 5. c4 Nf6 6. Nc3 d6 7. Be2 Nxd4 8. Qxd4 Bg7 9. Be3 0-0 10. Qd2 Be6 11. 0-0 Qa5 12. Rac1 Rfc8 13. b3 a6 14. a4 Bd7 15. f3 Bc6 16. Rc2 Nd7 17. Rb1 Qd8 18. Bf1 a5 19. Kh1 Nc5 20. Nd5 e6 21. Nf4 Qf8 22. Nd3 b6 23. Nf2 Rd8 24. Qc1 f5 25. exf5 gxf5 26. Bg5 Rd7 27. Rd2 Kh8 28. Qc2 Re8 29. Rbd1 e5 30. Be3 Re6 31. Bd3 e4 32. fxe4 f4 33. Bxc5 dxc5 34. Be2 Rxd2 35. Qxd2 Bd4 36. Bg4 Rg6 37. Bf3 Qh6 38. Nh3 Rf6 39. Qe2 Re6 40. Qd3 Re5 41. Re1 Qh4 42. Qd2 Be3 43. Qc3 Bd4 44. Qd2 Be3 45. Rxe3 fxe3 46. Qd6 Qe7 47. Qxc6 e2 48. Qc8+ Qe8 49. Qxe8+ Rxe8 50. Bxe2 Rxe4 51. Bf3 Re1+ 52. Ng1 Rb1 53. Bc6 Kg7 54. h4 Rxb3 55. Nf3 Kf6 56. Kh2 h6 57. Kg3 Rc3 58. Bb5 Kf5 59. Bd7+ Kf6 60. Bb5 Kf5 61. h5 Rc2 62. Ne1 Re2 63. Nf3 Rc2 64. Nh4+ Kg5 65. Nf3+ Kf5 66. Bd7+ Kf6 67. Bb5 1/2-1/2

[Event "Olympiad-41"]
[Site "Tromsoe"]
[Date "2014.08.02"]
[Round "1.4"]
[White "Castro, Jose Luis"]
[Black "Warren, Jamel"]
[Result "1-0"]
[WhiteElo "2313"]
[BlackElo "1534"]
[PlyCount "49"]
[EventDate "2014.08.02"]
[EventType "team-swiss"]
[EventRounds "11"]
[EventCountry "NOR"]
[SourceTitle "CBM 162"]
[Source "ChessBase"]
[SourceDate "2014.09.17"]
[SourceVersion "1"]
[SourceVersionDate "2014.09.17"]
[SourceQuality "1"]
[WhiteTeam "Venezuela"]
[BlackTeam "Bermuda"]
[WhiteTeamCountry "VEN"]
[BlackTeamCountry "BER"]

1. e4 e5 2. Nf3 Nc6 3. Bb5 a6 4. Ba4 Nf6 5. 0-0 Bc5 6. c3 0-0 7. d4 exd4 8. cxd4 Bb6 9. e5 Nd5 10. Bb3 Nce7 11. Bg5 c6 12. Bxd5 cxd5 13. Nc3 Qe8 14. Bxe7 Qxe7 15. Nxd5 Qd8 16. Qb3 Ba7 17. Qa3 Re8 18. Rac1 Bb8 19. Qc3 Ra7 20. Qxc8 Qxc8 21. Rxc8 Rxc8 22. Ne7+ Kf8 23. Nxc8 Ra8 24. Nb6 Ra7 25. Rc1 1-0

[Event "VEN pre olympic 2nd"]
[Site "Barquisimeto"]
[Date "2014.04.19"]
[Round "8"]
[White "Castro, Jose Luis"]
[Black "Soto Paez, Oliver de la Trinid"]
[Result "1/2-1/2"]
[WhiteElo "2293"]
[BlackElo "2332"]
[PlyCount "133"]
[EventDate "2014.04.15"]
[EventType "tourn"]
[EventRounds "8"]
[EventCountry "VEN"]
[EventCategory "3"]
[SourceTitle "EXT 2016"]
[Source "ChessBase"]
[SourceDate "2015.10.08"]
[SourceVersion "1"]
[SourceVersionDate "2015.10.08"]
[SourceQuality "1"]

1. e4 c5 2. Nf3 d6 3. d4 cxd4 4. Nxd4 Nf6 5. Nc3 Nc6 6. Bg5 Bd7 7. Qd2 Rc8 8. f3 Nxd4 9. Qxd4 Qa5 10. Be3 a6 11. Qb6 Qxb6 12. Bxb6 Bc6 13. 0-0-0 e6 14. Bd4 Be7 15. Be2 0-0 16. Rd2 b5 17. a3 d5 18. exd5 Nxd5 19. Nxd5 Bxd5 20. Kb1 Rc6 21. c3 Bg5 22. Rdd1 Bb3 23. Rdf1 Bf4 24. g3 e5 25. Bf2 Bg5 26. Bd1 Bd5 27. Re1 Re6 28. Be3 Be7 29. Rhf1 f5 30. Rf2 Rc6 31. Rd2 Be6 32. Bf2 Bf6 33. Bc2 h5 34. Red1 Kf7 35. Rd6 Rfc8 36. a4 g6 37. Rxc6 Rxc6 38. axb5 axb5 39. Bd3 Bc4 40. Kc2 Ke6 41. Re1 g5 42. Bxc4+ bxc4 43. b4 cxb3+ 44. Kxb3 g4 45. fxg4 hxg4 46. c4 Be7 47. Bd4 e4 48. Kc3 Bd6 49. Ra1 f4 50. gxf4 Bxf4 51. Re1 Bxh2 52. Rxe4+ Kf5 53. Re8 Bd6 54. c5 g3 55. Kc4 Bf4 56. Kd5 Rg6 57. Rf8+ Kg4 58. Rf6 Rxf6 59. Bxf6 Be3 60. c6 Bb6 61. Bd4 Bc7 62. Ke6 g2 63. Kd7 Be5 64. Bg1 Kf3 65. c7 Bxc7 66. Kxc7 Ke2 67. Kb7 1/2-1/2

[Event "VEN pre olympic 2nd"]
[Site "Barquisimeto"]
[Date "2014.04.17"]
[Round "5"]
[White "Rohl Montes, Juan Armando"]
[Black "Castro, Jose Luis"]
[Result "1/2-1/2"]
[WhiteElo "2398"]
[BlackElo "2293"]
[PlyCount "22"]
[EventDate "2014.04.15"]
[EventType "tourn"]
[EventRounds "8"]
[EventCountry "VEN"]
[EventCategory "3"]
[SourceTitle "EXT 2016"]
[Source "ChessBase"]
[SourceDate "2015.10.08"]
[SourceVersion "1"]
[SourceVersionDate "2015.10.08"]
[SourceQuality "1"]

1. d4 Nf6 2. Nc3 d5 3. Bg5 Bf5 4. Bxf6 exf6 5. e4 dxe4 6. Qe2 c6 7. Nxe4 Be7 8. 0-0-0 0-0 9. g4 Bg6 10. f4 Bxe4 11. Qxe4 Qd5 1/2-1/2

[Event "Caracas Metro 2nd"]
[Site "Caracas"]
[Date "2014.04.12"]
[Round "9"]
[White "Gascon del Nogal, Jose Rafael"]
[Black "Castro, Jose Luis"]
[Result "1/2-1/2"]
[WhiteElo "2323"]
[BlackElo "2293"]
[PlyCount "22"]
[EventDate "2014.04.08"]
[EventType "tourn"]
[EventRounds "9"]
[EventCountry "VEN"]
[EventCategory "1"]
[SourceTitle "EXT 2016"]
[Source "ChessBase"]
[SourceDate "2015.10.08"]
[SourceVersion "1"]
[SourceVersionDate "2015.10.08"]
[SourceQuality "1"]

1. g3 Nf6 2. Bg2 g6 3. Nf3 Bg7 4. 0-0 0-0 5. d4 d6 6. a4 Nc6 7. a5 a6 8. c4 e5 9. dxe5 Nxe5 10. Nxe5 dxe5 11. Nc3 c6 1/2-1/2

[Event "Caracas Metro 2nd"]
[Site "Caracas"]
[Date "2014.04.08"]
[Round "1"]
[White "Castro, Jose Luis"]
[Black "Soto, Christian Camilo"]
[Result "1-0"]
[WhiteElo "2293"]
[BlackElo "2123"]
[PlyCount "107"]
[EventDate "2014.04.08"]
[EventType "tourn"]
[EventRounds "9"]
[EventCountry "VEN"]
[EventCategory "1"]
[SourceTitle "EXT 2016"]
[Source "ChessBase"]
[SourceDate "2015.10.08"]
[SourceVersion "1"]
[SourceVersionDate "2015.10.08"]
[SourceQuality "1"]

1. e4 c5 2. Nf3 e6 3. d4 cxd4 4. Nxd4 Nc6 5. Nb5 a6 6. Nd6+ Bxd6 7. Qxd6 Qe7 8. Qxe7+ Ngxe7 9. Nc3 Nb4 10. Kd2 d5 11. a3 Nbc6 12. exd5 exd5 13. Bd3 0-0 14. b4 Bf5 15. Re1 Rfd8 16. f4 d4 17. Na4 Bxd3 18. Kxd3 Nd5 19. Bd2 b5 20. Nc5 Nb6 21. Rab1 Nc4 22. Rb3 Rd5 23. Nxa6 Rdd8 24. Nc7 Rxa3 25. Rxa3 Nxa3 26. Ra1 Nc4 27. Ra6 Nb2+ 28. Ke4 Nb8 29. Ra8 Nc4 30. Kd3 Nd6 31. Na6 Nc6 32. Rxd8+ Nxd8 33. Kxd4 Kf8 34. Kd5 Ke7 35. Nb8 Ne6 36. Nc6+ Kd7 37. Ne5+ Ke7 38. Be3 f6 39. Nc6+ Kd7 40. Nb8+ Ke7 41. Bc5 Nxf4+ 42. Kc6 Nxg2 43. Bxd6+ Ke6 44. Na6 Ne3 45. Nc7+ Kf5 46. c3 Nd1 47. Nxb5 Ke4 48. Bf8 g5 49. Be7 Ke5 50. c4 Ne3 51. Nd6 Ke6 52. Bd8 g4 53. b5 Nf1 54. b6 1-0

[Event "VEN pre olympic"]
[Site "Caracas"]
[Date "2014.02.15"]
[Round "5"]
[White "Castro, Jose Luis"]
[Black "Romero Barreto, Jaime Jose"]
[Result "1/2-1/2"]
[WhiteElo "2296"]
[BlackElo "2244"]
[PlyCount "38"]
[EventDate "2014.02.13"]
[EventType "tourn"]
[EventRounds "5"]
[EventCountry "VEN"]
[EventCategory "1"]
[SourceTitle "EXT 2016"]
[Source "ChessBase"]
[SourceDate "2015.10.08"]
[SourceVersion "1"]
[SourceVersionDate "2015.10.08"]
[SourceQuality "1"]

1. e4 Nc6 2. Nf3 e5 3. Bb5 a6 4. Ba4 Nf6 5. 0-0 Be7 6. Re1 b5 7. Bb3 0-0 8. c3 d5 9. exd5 Nxd5 10. Nxe5 Nxe5 11. Rxe5 c6 12. d4 Bd6 13. Re1 Qh4 14. g3 Qh3 15. Be3 Bg4 16. Qd3 Rae8 17. Nd2 Re6 18. Qf1 Qh5 19. a4 b4 1/2-1/2

[Event "Barquisimeto"]
[Site "Barquisimeto"]
[Date "2013.07.27"]
[Round "7"]
[White "Pazos Gambarrotti, Plinio Efrain"]
[Black "Castro, Jose Luis"]
[Result "0-1"]
[WhiteElo "2298"]
[BlackElo "2253"]
[PlyCount "66"]
[EventDate "2013.07.24"]
[EventType "tourn"]
[EventRounds "9"]
[EventCountry "VEN"]
[EventCategory "1"]
[SourceTitle "EXT 2014"]
[Source "ChessBase"]
[SourceDate "2013.11.20"]
[SourceVersion "1"]
[SourceVersionDate "2013.11.20"]
[SourceQuality "1"]

1. e4 c5 2. Nc3 Nc6 3. Nf3 e6 4. d4 cxd4 5. Nxd4 Nf6 6. Ndb5 d6 7. Bf4 e5 8. Bg5 a6 9. Na3 b5 10. Nd5 Be7 11. Bxf6 Bxf6 12. c4 Bg5 13. Nc2 Be6 14. Be2 bxc4 15. Bxc4 Qa5+ 16. Kf1 0-0 17. h4 Qc5 18. Qe2 Bh6 19. b4 Qa7 20. g3 Kh8 21. Kg2 f5 22. Nde3 f4 23. f3 Bd7 24. g4 fxe3 25. g5 Nd4 26. Nxd4 exd4 27. Rad1 Ba4 28. Bb3 Bxb3 29. axb3 d5 30. exd5 Rad8 31. Qc4 Qf7 32. Rhf1 Bxg5 33. hxg5 Qxd5 0-1

[Event "Barquisimeto"]
[Site "Barquisimeto"]
[Date "2013.07.25"]
[Round "4"]
[White "Castro, Jose Luis"]
[Black "Blanco Ronquillo, Humberto L"]
[Result "0-1"]
[WhiteElo "2253"]
[BlackElo "2418"]
[PlyCount "88"]
[EventDate "2013.07.24"]
[EventType "tourn"]
[EventRounds "9"]
[EventCountry "VEN"]
[EventCategory "1"]
[SourceTitle "EXT 2014"]
[Source "ChessBase"]
[SourceDate "2013.11.20"]
[SourceVersion "1"]
[SourceVersionDate "2013.11.20"]
[SourceQuality "1"]

1. e4 e6 2. d4 d5 3. Nd2 dxe4 4. Nxe4 Bd7 5. Nf3 Bc6 6. Bd3 Nd7 7. 0-0 Ngf6 8. Nxf6+ Qxf6 9. Be2 Bd6 10. c4 Qf5 11. d5 exd5 12. Nd4 Qe5 13. g3 0-0 14. Bf4 Qf6 15. Bxd6 cxd6 16. Nxc6 bxc6 17. cxd5 c5 18. Rb1 Rfb8 19. Qd2 Rb4 20. a3 Rd4 21. Qc3 Rb8 22. b4 Rxd5 23. Qxf6 gxf6 24. bxc5 Rxb1 25. Rxb1 Nxc5 26. Rb8+ Kg7 27. Ra8 Re5 28. Bb5 Re7 29. Rd8 Rb7 30. Bc6 Rb6 31. Bd5 Ra6 32. Re8 Rxa3 33. Re7 a5 34. Rxf7+ Kg6 35. Ra7 f5 36. Ra8 a4 37. Rd8 Rd3 38. Bc4 Rd4 39. Ba2 Rd1+ 40. Kg2 Rd2 41. Bc4 Ne4 42. Ra8 Nxf2 43. Rxa4 Ng4+ 44. Kg1 Nxh2 0-1

[Event "Barquisimeto"]
[Site "Barquisimeto"]
[Date "2013.07.24"]
[Round "1"]
[White "Zavarce Sayago, Oscar Enrique"]
[Black "Castro, Jose Luis"]
[Result "1/2-1/2"]
[WhiteElo "2218"]
[BlackElo "2253"]
[PlyCount "57"]
[EventDate "2013.07.24"]
[EventType "tourn"]
[EventRounds "9"]
[EventCountry "VEN"]
[EventCategory "1"]
[SourceTitle "EXT 2014"]
[Source "ChessBase"]
[SourceDate "2013.11.20"]
[SourceVersion "1"]
[SourceVersionDate "2013.11.20"]
[SourceQuality "1"]

1. d4 Nf6 2. g3 g6 3. Bg2 Bg7 4. e4 0-0 5. e5 Ne8 6. Nf3 d6 7. 0-0 Nc6 8. exd6 Nxd6 9. c3 e5 10. Bg5 Bf6 11. Bxf6 Qxf6 12. dxe5 Nxe5 13. Nxe5 Qxe5 14. Nd2 Bf5 15. Nf3 Qb5 16. Qb3 Qc5 17. Nd4 Bd3 18. Rfe1 Rfe8 19. Rad1 Bc4 20. Qc2 a5 21. a3 Bd5 22. Nb3 Rxe1+ 23. Rxe1 Qc4 24. Nd2 Qc6 25. Bxd5 Qxd5 26. c4 Qd4 27. c5 Nf5 28. Nf3 Qf6 29. Qb3 1/2-1/2

[Event "Pan American-ch U20"]
[Site "Bogota"]
[Date "2013.07.13"]
[Round "7"]
[White "Meza Ponce, Jerry"]
[Black "Castro, Jose Luis"]
[Result "0-1"]
[WhiteElo "2019"]
[BlackElo "2253"]
[PlyCount "93"]
[EventDate "2013.07.10"]
[EventType "swiss"]
[EventRounds "9"]
[EventCountry "COL"]
[SourceTitle "CBM 155 Extra"]
[Source "ChessBase"]
[SourceDate "2013.08.26"]
[SourceVersion "1"]
[SourceVersionDate "2013.08.26"]
[SourceQuality "1"]

1. e4 c5 2. Nf3 Nc6 3. d3 g6 4. g3 Bg7 5. Bg2 d6 6. 0-0 e5 7. Nc3 Nge7 8. a3 0-0 9. Rb1 h6 10. b4 b6 11. Nd5 Bg4 12. c3 Qc8 13. Qb3 Nxd5 14. exd5 Ne7 15. Re1 Qf5 16. Re3 Rad8 17. Nd2 Bh3 18. c4 Bxg2 19. Kxg2 Qh5 20. Re1 g5 21. h3 f5 22. Qd1 g4 23. hxg4 fxg4 24. Rh1 Qg6 25. Ne4 Rf3 26. Be3 Nf5 27. Qg1 Rf8 28. Rh2 h5 29. Kh1 Bh6 30. Bxh6 Nxh6 31. Qd1 Nf5 32. bxc5 dxc5 33. a4 Nd4 34. Rb2 R3f7 35. Kg2 Nf3 36. Rh1 h4 37. gxh4 Rh7 38. Kf1 Rxh4 39. Rxh4 Nxh4 40. Ke2 Nf3 41. Qc1 Nd4+ 42. Kf1 Rf4 43. Qe3 Nf5 44. Qe2 g3 45. f3 Nd4 46. Qd1 Rxf3+ 47. Kg1 0-1

[Event "Pan American-ch U20"]
[Site "Bogota"]
[Date "2013.07.10"]
[Round "2"]
[White "Castro, Jose Luis"]
[Black "Leiva Rodriguez, Jeammarco Giuseppe"]
[Result "1-0"]
[WhiteElo "2253"]
[BlackElo "2424"]
[PlyCount "66"]
[EventDate "2013.07.10"]
[EventType "swiss"]
[EventRounds "9"]
[EventCountry "COL"]
[SourceTitle "CBM 155 Extra"]
[Source "ChessBase"]
[SourceDate "2013.08.26"]
[SourceVersion "1"]
[SourceVersionDate "2013.08.26"]
[SourceQuality "1"]

1. e4 c5 2. Nf3 d6 3. d4 cxd4 4. Nxd4 Nf6 5. Nc3 a6 6. Be3 e5 7. Nb3 Be6 8. h3 Be7 9. Qf3 Nbd7 10. 0-0-0 Rc8 11. Nd5 Bxd5 12. exd5 Nb6 13. Kb1 Nc4 14. Bc1 Qc7 15. Bd3 b5 16. g4 Nd7 17. h4 Ndb6 18. Bf5 Rb8 19. g5 a5 20. h5 b4 21. g6 h6 22. gxf7+ Kf8 23. Rhg1 Bf6 24. Qe4 Qxf7 25. Rg6 a4 26. Be6 Qc7 27. Rdg1 axb3 28. Rxf6+ gxf6 29. axb3 Rb7 30. Bxh6+ Rxh6 31. Rg8+ Ke7 32. Qg4 Rh7 33. Re8+ Kxe8 1-0

[Event "VEN-ch"]
[Site "Caracas"]
[Date "2012.12.11"]
[Round "6"]
[White "Ynojosa Aponte, Felix Jose"]
[Black "Castro, Jose Luis"]
[Result "1-0"]
[WhiteElo "2374"]
[BlackElo "2265"]
[PlyCount "83"]
[EventDate "2012.12.08"]
[EventType "tourn"]
[EventRounds "9"]
[EventCountry "VEN"]
[SourceTitle "EXT 2014"]
[Source "ChessBase"]
[SourceDate "2013.11.20"]
[SourceVersion "1"]
[SourceVersionDate "2013.11.20"]
[SourceQuality "1"]

1. e4 c5 2. Nf3 Nc6 3. Bb5 e6 4. 0-0 Nge7 5. b3 a6 6. Bxc6 Nxc6 7. Bb2 d6 8. d4 cxd4 9. Nxd4 Nxd4 10. Qxd4 e5 11. Qe3 Be7 12. Rd1 Qc7 13. c4 Be6 14. Nc3 0-0 15. Nd5 Bxd5 16. Rxd5 f5 17. Rad1 fxe4 18. Ba3 b5 19. Bxd6 Bxd6 20. Rxd6 bxc4 21. Qxe4 cxb3 22. axb3 Kh8 23. Qxe5 Rab8 24. Qg3 a5 25. h4 Qf7 26. Rd7 Qf6 27. R1d6 Qb2 28. Rd4 Qc1+ 29. Kh2 Qh6 30. Rg4 g6 31. Qe5+ Kg8 32. Qxa5 Rf6 33. Qd5+ Kh8 34. Rd8+ Rxd8 35. Qxd8+ Rf8 36. Qd4+ Kg8 37. f3 Rf7 38. Qd5 Qc1 39. Rc4 Qe3 40. Re4 Qc1 41. Re8+ Kg7 42. Qe5+ 1-0

[Event "VEN-ch"]
[Site "Caracas"]
[Date "2012.12.10"]
[Round "4"]
[White "Martinez Reyes, Pedro Ramon"]
[Black "Castro, Jose Luis"]
[Result "0-1"]
[WhiteElo "2206"]
[BlackElo "2265"]
[PlyCount "92"]
[EventDate "2012.12.08"]
[EventType "tourn"]
[EventRounds "9"]
[EventCountry "VEN"]
[SourceTitle "EXT 2014"]
[Source "ChessBase"]
[SourceDate "2013.11.20"]
[SourceVersion "1"]
[SourceVersionDate "2013.11.20"]
[SourceQuality "1"]

1. d4 Nf6 2. c4 g6 3. g3 Bg7 4. Bg2 0-0 5. Nf3 d6 6. Nc3 c6 7. 0-0 a6 8. e4 Nbd7 9. Re1 e5 10. h3 Rb8 11. Rb1 exd4 12. Nxd4 Ne5 13. b3 c5 14. Nde2 Ne8 15. Be3 b5 16. f4 Nd7 17. Qd3 Qa5 18. Kh2 Nb6 19. cxb5 axb5 20. Nxb5 Ba6 21. a4 Bxb5 22. axb5 Nc8 23. b4 cxb4 24. Nd4 Bxd4 25. Qxd4 Qxb5 26. Bd2 Qc5 27. Qd3 Ne7 28. Rec1 Qa5 29. Rc4 Qa6 30. Rbxb4 Rxb4 31. Bxb4 Nc6 32. Bc3 h5 33. Bf1 Kh7 34. Bb2 Qb6 35. Qd2 Ne7 36. Ra4 Qc6 37. Rd4 Qc5 38. Bg2 Qa7 39. Qc3 Qc5 40. Rc4 Qf2 41. Rc7 h4 42. Rxe7 hxg3+ 43. Kh1 Nf6 44. Rc7 d5 45. exd5 Re8 46. Rxf7+ Kh6 0-1

[Event "VEN-ch"]
[Site "Caracas"]
[Date "2012.12.09"]
[Round "2"]
[White "Pinero Salas, Carlos Julio"]
[Black "Castro, Jose Luis"]
[Result "1-0"]
[WhiteElo "2168"]
[BlackElo "2265"]
[PlyCount "83"]
[EventDate "2012.12.08"]
[EventType "tourn"]
[EventRounds "9"]
[EventCountry "VEN"]
[SourceTitle "EXT 2014"]
[Source "ChessBase"]
[SourceDate "2013.11.20"]
[SourceVersion "1"]
[SourceVersionDate "2013.11.20"]
[SourceQuality "1"]

1. e4 c5 2. Ne2 Nc6 3. g3 d5 4. Bg2 dxe4 5. Bxe4 Nf6 6. Bg2 g6 7. 0-0 Bg7 8. d3 Nd4 9. c3 Nxe2+ 10. Qxe2 0-0 11. Be3 Bg4 12. f3 Bf5 13. Rd1 Qc7 14. Na3 Nd5 15. Bf2 Rad8 16. Nb5 Qa5 17. a4 a6 18. Na3 Qc7 19. f4 e5 20. fxe5 Bxe5 21. Nc4 Bg7 22. a5 Rfe8 23. Qf3 h5 24. h3 Qc8 25. Nb6 Nxb6 26. axb6 Bxh3 27. Qxb7 Qxb7 28. Bxb7 Rb8 29. Be4 Rxb6 30. b4 Bxc3 31. bxc5 Rf6 32. Ra4 Rb8 33. Rc4 Be5 34. d4 Bc7 35. d5 Rc8 36. Bd4 Bg4 37. Rdc1 Rf3 38. Bxf3 Bxf3 39. d6 Bb8 40. d7 Rd8 41. c6 Bc7 42. Re1 1-0

[Event "VEN-ch"]
[Site "Caracas"]
[Date "2012.12.08"]
[Round "1"]
[White "Castro, Jose Luis"]
[Black "Brizuela Abreu, Ronald Jesus"]
[Result "1/2-1/2"]
[WhiteElo "2265"]
[BlackElo "2159"]
[PlyCount "63"]
[EventDate "2012.12.08"]
[EventType "tourn"]
[EventRounds "9"]
[EventCountry "VEN"]
[SourceTitle "EXT 2014"]
[Source "ChessBase"]
[SourceDate "2013.11.20"]
[SourceVersion "1"]
[SourceVersionDate "2013.11.20"]
[SourceQuality "1"]

1. e4 e6 2. d4 d5 3. Nd2 Nc6 4. Ngf3 Nf6 5. e5 Nd7 6. c3 f6 7. exf6 Qxf6 8. Bb5 Bd6 9. Nf1 0-0 10. Ne3 Kh8 11. 0-0 Qg6 12. Bd3 Qh5 13. Be2 Qg6 14. Nh4 Qf7 15. g3 Nf6 16. f4 Ne7 17. Ng4 Nxg4 18. Bxg4 Nf5 19. Bxf5 exf5 20. Nf3 Qf6 21. Qb3 c6 22. Bd2 b6 23. Qa4 Bd7 24. Rae1 a5 25. Ne5 Bxe5 26. Rxe5 Rae8 27. Rfe1 Rxe5 28. Rxe5 Re8 29. Qb3 Qd8 30. Be3 Be6 31. Bf2 h6 32. Qd1 1/2-1/2

[Event "Cabure-ch Gobernadora de Falcon"]
[Site "Cabure"]
[Date "2012.10.26"]
[Round "3"]
[White "Revilla Moron, Oniel Josue"]
[Black "Castro, Jose Luis"]
[Result "1-0"]
[WhiteElo "2092"]
[BlackElo "2257"]
[PlyCount "131"]
[EventDate "2012.10.25"]
[EventType "swiss"]
[EventRounds "7"]
[EventCountry "VEN"]
[SourceTitle "EXT 2022"]
[Source "ChessBase"]
[SourceDate "2021.10.06"]
[SourceVersion "1"]
[SourceVersionDate "2021.10.06"]
[SourceQuality "1"]

1. d4 Nf6 2. c4 g6 3. Nc3 Bg7 4. Nf3 0-0 5. g3 d6 6. Bg2 Nc6 7. d5 Na5 8. b3 c6 9. Bb2 Bd7 10. Qd2 Rc8 11. 0-0 cxd5 12. cxd5 b5 13. Nd4 b4 14. Ne4 Nxd5 15. Nxd6 Nc3 16. Nxc8 Bxd4 17. e3 Bf6 18. Rad1 Nxd1 19. Bxf6 Bxc8 20. Qxd8 Rxd8 21. Bxe7 Rd7 22. Bxb4 Nb7 23. Bc6 Rd8 24. Be7 Rd3 25. Bb5 Rd5 26. Bc6 Rd2 27. Bb4 Rd3 28. Bb5 Rd8 29. Be7 Rd5 30. Bc6 Rd2 31. Bb4 Rd3 32. Bb5 Rd8 33. Be7 Bh3 34. Re1 Rd2 35. Bb4 Rxf2 36. Rxd1 Rg2+ 37. Kh1 Rxa2 38. Bc6 Na5 39. Bd5 Bd7 40. Bxf7+ Kxf7 41. Rxd7+ Kg8 42. Rd8+ Kf7 43. Rd7+ Kg8 44. Rxa7 Ra1+ 45. Kg2 Nxb3 46. Rxa1 Nxa1 47. Kf3 Kf7 48. Ke2 Nc2 49. Bc5 Na1 50. Kd3 Nb3 51. Bb4 Nc1+ 52. Kd2 Na2 53. Ba5 Ke6 54. Kc2 Kd5 55. Kb2 Ke4 56. Bd2 Nb4 57. Bxb4 Kxe3 58. Bd6 g5 59. Be7 g4 60. Kc3 h6 61. Bd8 h5 62. Bh4 Ke4 63. Kc4 Kf3 64. Kd5 Kg2 65. Ke5 Kxh2 66. Kf5 1-0

[Event "Cabure-ch Gobernadora de Falcon"]
[Site "Cabure"]
[Date "2012.10.25"]
[Round "7"]
[White "Rondon Chacon, Rene Ibrahim"]
[Black "Castro, Jose Luis"]
[Result "0-1"]
[WhiteElo "2120"]
[BlackElo "2257"]
[PlyCount "48"]
[EventDate "2012.10.25"]
[EventType "swiss"]
[EventRounds "7"]
[EventCountry "VEN"]
[SourceTitle "EXT 2022"]
[Source "ChessBase"]
[SourceDate "2021.10.06"]
[SourceVersion "1"]
[SourceVersionDate "2021.10.06"]
[SourceQuality "1"]

1. Nf3 Nf6 2. c4 g6 3. b3 Bg7 4. Bb2 0-0 5. g3 d6 6. Bg2 e5 7. d3 Nc6 8. 0-0 Nh5 9. Re1 f5 10. e3 h6 11. Nbd2 Kh7 12. Bh1 Nf6 13. e4 f4 14. d4 exd4 15. Nxd4 Ne5 16. N2f3 Nfg4 17. Qc2 Qe7 18. Rad1 fxg3 19. fxg3 c5 20. Nxe5 Qxe5 21. h3 Nf2 22. Ne2 Nxh3+ 23. Kh2 Rf2+ 24. Bg2 Qh5 0-1

[Event "San Cristobal Bolivar op 1st"]
[Site "San Cristobal"]
[Date "2012.09.29"]
[Round "8"]
[White "Castro, Jose Luis"]
[Black "Rincon Sequeda, Jose Omar"]
[Result "1-0"]
[WhiteElo "2257"]
[BlackElo "2024"]
[PlyCount "69"]
[EventDate "2012.09.25"]
[EventType "swiss"]
[EventRounds "10"]
[EventCountry "VEN"]
[SourceTitle "EXT 2013"]
[Source "ChessBase"]
[SourceDate "2012.11.22"]
[SourceVersion "1"]
[SourceVersionDate "2012.11.22"]
[SourceQuality "1"]

1. e4 c5 2. Nf3 e6 3. d4 cxd4 4. Nxd4 a6 5. c4 d6 6. Nc3 Nf6 7. Be2 Be7 8. Be3 Nbd7 9. 0-0 0-0 10. Qd2 b6 11. f3 Bb7 12. Rfd1 Rc8 13. Rac1 Rc7 14. a3 Qb8 15. b4 Rfc8 16. Na4 Ba8 17. Bf1 Ne5 18. Nb2 Rd7 19. Nb3 Rcd8 20. Qf2 Rb7 21. Kh1 a5 22. Na4 axb4 23. axb4 Ned7 24. Nd4 Ra7 25. Ra1 Ra6 26. c5 Rxa4 27. Rxa4 dxc5 28. bxc5 Nxc5 29. Raa1 Qe5 30. Nf5 exf5 31. Rxd8+ Bxd8 32. Rxa8 Qc7 33. Bxc5 bxc5 34. Qd2 Nd7 35. Bb5 1-0

[Event "San Cristobal Bolivar op 1st"]
[Site "San Cristobal"]
[Date "2012.09.29"]
[Round "9"]
[White "Prasca Sosa, Rafael Felipe"]
[Black "Castro, Jose Luis"]
[Result "1/2-1/2"]
[WhiteElo "2429"]
[BlackElo "2257"]
[PlyCount "64"]
[EventDate "2012.09.25"]
[EventType "swiss"]
[EventRounds "10"]
[EventCountry "VEN"]
[SourceTitle "EXT 2013"]
[Source "ChessBase"]
[SourceDate "2012.11.22"]
[SourceVersion "1"]
[SourceVersionDate "2012.11.22"]
[SourceQuality "1"]

1. e4 c5 2. Nf3 Nc6 3. Nc3 e5 4. Bc4 Be7 5. d3 d6 6. Nd2 Bg5 7. Nf1 Bxc1 8. Rxc1 Nge7 9. Ne3 0-0 10. 0-0 Kh8 11. Ncd5 f5 12. exf5 Nxf5 13. Nxf5 Bxf5 14. Ne3 Qg5 15. Nxf5 Rxf5 16. c3 Ne7 17. Be6 Rf4 18. g3 Raf8 19. Bh3 R4f6 20. Bg2 b6 21. Rc2 Qg6 22. Re2 Qf7 23. a3 Nf5 24. f4 Qh5 25. fxe5 dxe5 26. Ref2 Qg5 27. Qe2 Qe3 28. Qxe3 Nxe3 29. Rxf6 gxf6 30. Re1 Nxg2 31. Kxg2 Rd8 32. Rd1 Kg7 1/2-1/2